| 000 | 01182cam a2200313 a 4500 | ||
|---|---|---|---|
| 999 |
_c3857 _d3857 |
||
| 001 | 4886810 | ||
| 003 | OSt | ||
| 005 | 20191209143413.0 | ||
| 008 | 930201s1993 cau b 001 0 eng | ||
| 010 | _a 93006872 | ||
| 020 | _a 978-0803948747 | ||
| 020 | _a0803948743 (pb) | ||
| 040 |
_aDLC _cDLC _dDLC |
||
| 050 | 0 | 0 |
_aH61.28 _b.S83 1993 |
| 082 | 0 | 0 |
_a300.72 SUC 1993 _220 |
| 100 |
_aDavid L. Morgan, editor. _913147 |
||
| 245 | 0 | 0 |
_aSuccessful Focus Groups: _badvancing the state of the art |
| 260 |
_aNewbury Park, Calif. : _bSage Publications, _c1993. |
||
| 300 |
_axv, 271 p. ; _c22 cm. |
||
| 490 | 0 | _aSage focus editions | |
| 504 | _aIncludes bibliographical references (p. 245-256) and indexes. | ||
| 650 | 0 |
_aArt craft _95010 |
|
| 650 | 0 |
_aSocial sciences _91100 |
|
| 856 | 4 | 2 |
_3Publisher description _uhttp://www.loc.gov/catdir/enhancements/fy0655/93006872-d.html |
| 856 | 4 | 1 |
_3Table of contents only _uhttp://www.loc.gov/catdir/enhancements/fy0655/93006872-t.html |
| 906 |
_a7 _bcbc _corignew _d1 _eocip _f19 _gy-gencatlg |
||
| 942 |
_2ddc _cSLOAN |
||